| 000 | 00888cam a2200241 a 4500 | ||
|---|---|---|---|
| 001 | ca 17001784 | ||
| 003 | DLC | ||
| 005 | 20260227111103.0 | ||
| 008 | 820923s1875 nyua c 000 0 eng | ||
| 010 | _aca 17001784 | ||
| 040 |
_aDLC _cDLC _dDLC |
||
| 043 | _an-us-ny | ||
| 050 | 0 | 0 |
_aNK6499 _b.M8 1875 |
| 110 | 2 | _aJ.L. Mott Iron Works. | |
| 245 | 1 | 0 | _aIllustrated catalogue of statuary, fountains, vases, settees, etc., for parks, gardens and conservatories, manufactured by the J. L. Mott Iron Works ... |
| 260 |
_aNew York : _bE.D. Slater, printer, _c1875. |
||
| 300 |
_a[2] p., [132] p. of plates : _bchiefly ill. ; _c55 cm. |
||
| 650 | 0 |
_aArt metal-work _zNew York _vCatalogs. |
|
| 650 | 0 |
_aDecorative cast-ironwork _zNew York _vCatalogs. |
|
| 650 | 0 |
_aIron sculpture, American _vCatalogs. |
|
| 650 | 0 |
_aGarden ornaments and furniture _vCatalogs. |
|
| 650 | 0 |
_aFountains _vCatalogs. |
|
| 999 |
_c15118 _d15118 |
||